IAS 19 - Zamestnanecké požitky

IAS 19 - Zamestnanecké požitky (Employee benefits) - vysvetlenie pojmu. Krátkodobé zamestnanecké požitky. Požitky po skončení zamestnania. Ostatné dlhodobé zamestnanecké požitky. Požitky vyplývajúce z ukončenia pracovného pomeru. Požitky vo forme podielových náhrad. Definície.

Salvato in:
Dettagli Bibliografici
Autore principale: Bolgáč, Ján, 1959-
Natura: Capitolo di libro
Lingua:slovacco
Soggetti:
Tags: Aggiungi Tag
Nessun Tag, puoi essere il primo ad aggiungerne!!

MARC

LEADER 00000naa$a2200000$$$4500
001 0004047
005 20240502071347.9
041 0 |a slo 
044 |a SK 
245 1 0 |a IAS 19 - Zamestnanecké požitky  |c aut. Ján Bolgáč 
520 |a IAS 19 - Zamestnanecké požitky (Employee benefits) - vysvetlenie pojmu. Krátkodobé zamestnanecké požitky. Požitky po skončení zamestnania. Ostatné dlhodobé zamestnanecké požitky. Požitky vyplývajúce z ukončenia pracovného pomeru. Požitky vo forme podielových náhrad. Definície. 
610 2 0 |a požitky 
610 2 0 |a zamestnanci 
610 2 0 |a pomer pracovný 
610 2 0 |a IAS 19 
100 1 |a Bolgáč, Ján, 1959-